| 000 | 00586nam a2200169Ia 4500 | ||
|---|---|---|---|
| 003 | GCL | ||
| 008 | 140319s9999 xx 000 0 ara d | ||
| 040 |
_aGCL / _cGCL |
||
| 082 | 0 | 4 |
_a390 _bح ا |
| 100 | 1 | _aحسين الحاج حسن | |
| 245 | 1 | 0 |
_aادب العرب فى عصر الجاهلية / _cحسين الحاج حسن |
| 260 |
_aبيروت : _bالمؤسسة الحديثة للكتاب ، _c1989 |
||
| 300 | _a214 ص | ||
| 650 | 0 | 4 | _aالعصر الجاهلى |
| 650 | 0 | 4 | _aالحضارة العربية الاسلامية - المعارف البحرية |
| 942 |
_2ddc _cBK |
||
| 999 |
_c32538 _d32538 |
||